书目信息 |
| 题名: |
数学工作者必知的范畴学(英)
|
|
| 作者: | S.Mac Iane 著 | |
| 分册: | ||
| 出版信息: | 北京 世界图书出版公司 1971 |
|
| 页数: | 262页 | |
| 开本: | 20cm | |
| 丛书名: | ||
| 单 册: | ||
| 中图分类: | O154.1 | |
| 科图分类: | ||
| 主题词: | 代数 , 数论 , 组合数学 | |
| 电子资源: | ||
| ISBN: | 7-5062-0035-X | |
| 000 | 00585nam0 2200205 450 | |
| 001 | 0732828906 | |
| 005 | 20070903090708.90 | |
| 010 | @a7-5062-0035-X@d¥9.22 | |
| 100 | @a20070903d km y0chiy0120 ea | |
| 101 | 0 | @achi |
| 200 | 1 | @a数学工作者必知的范畴学(英)@Ashu xue gong zuo zhe bi zhi de fan chou xue(ying)@fS.Mac Iane著@FS.Mac Iane zhu |
| 210 | @a北京@c世界图书出版公司@d1971 | |
| 215 | @a262页@d20cm | |
| 606 | 0 | @a代数 |
| 606 | 0 | @a数论 |
| 606 | 0 | @a组合数学 |
| 690 | @aO154.1@v3 | |
| 701 | 0 | @aS.Mac Iane@4著 |
| 801 | 0 | @aCN@bPFT@c20070903 |
| 905 | @a213230@dO154.1@eS199@f1 | |
| 数学工作者必知的范畴学(英)/S.Mac Iane著.-北京:世界图书出版公司,1971 |
| 262页;20cm |
| ISBN 7-5062-0035-X:¥9.22 |
| ● |
| 相关链接 |
|
|
|
|
正题名:数学工作者必知的范畴学(英)
索取号:O154.1/S199
 
预约/预借
| 序号 | 登录号 | 条形码 | 馆藏地/架位号 | 状态 | 备注 |
| 1 | 6704230 | 267042309 | 密集书库-数信学院/ [索取号:O154.1/S199] | 在馆 | |
| 2 | 6704266 | 267042666 | 密集书库-数信学院/ [索取号:O154.1/S199] | 在馆 |